Online
Catalog

Estudio sobre la legislación turística de Panamá / (Record no. 22705)

MARC details
000 -CABECERA
campo de control de longitud fija 00831nam a2200181 u 4500
001 - NÚMERO DE CONTROL
campo de control 000023208
005 - FECHA Y HORA DE LA ÚLTIMA TRANSACCIÓN
campo de control 20200930022047.0
008 - DATOS DE LONGITUD FIJA--INFORMACIÓN GENERAL
campo de control de longitud fija 101130s1974 wau r 000 0 spa d
040 ## - FUENTE DE LA CATALOGACIÓN
Centro catalogador/agencia de origen DO-SdBNP
Lengua de catalogación spa
Centro/agencia transcriptor BNPHU
082 ## - NÚMERO DE LA CLASIFICACIÓN DECIMAL DEWEY
Número de clasificación XXX
Número de documento/Ítem S446e
049 ## - FONDOS LOCALES (OCLC)
Fondos de biblioteca BNGR
110 1# - ENTRADA PRINCIPAL--NOMBRE DE ENTIDAD CORPORATIVA
Nombre de entidad corporativa o nombre de jurisdicción como elemento de entrada Secretaría General
Unidad subordinada Organización de los Estados Americanos
Sede del congreso/Lugar de la reunión Washington, D.C. 20006
Fecha de publicación/de la obra Marzo 1974.
9 (RLIN) 47779
245 10 - MENCIÓN DE TÍTULO
Título Estudio sobre la legislación turística de Panamá /
Mención de responsabilidad, etc. Organización de los Estados Americanos.
260 ## - PUBLICACIÓN, DISTRIBUCIÓN, ETC.
Lugar de publicación, distribución, etc. Washington, D.C. :
Nombre del editor, distribuidor, etc. División de Fomento Turístico ;
-- Departamento de Desarrollo Social y Institucional ;
-- Secretaría Ejecutiva para Asuntos Económicos y Sociales ;
-- Organización de los Estados Americanos,
Fecha de publicación, distribución, etc. 1974.
300 ## - DESCRIPCIÓN FÍSICA
Extensión 81 p. ;
Dimensiones 28 cm.
490 1# - MENCIÓN DE SERIE
Mención de serie Informes y estudios
Designación de volumen o secuencia 10
830 #0 - PUNTO DE ACCESO ADICIONAL DE SERIE-TÍTULO UNIFORME
Título uniforme Informes y estudios ;
Designación de volumen o secuencia 10
9 (RLIN) 47780
Holdings
Estado de retiro Estado de pérdida Restricciones de uso No para préstamo Código de colección Localización permanente Ubicación/localización actual Ubicación en estantería Fecha de adquisición Número de inventario Total de préstamos Signatura topográfica completa Código de barras Fecha visto por última vez Precio válido a partir de Tipo de ítem Koha
    Préstamo interno   Monografías: Libros y Folletos General General En catalogación 30.11.2010 LF1   XXX S446e 23208-10 25.06.2020 25.06.2020 Préstamo interno

Powered by Koha